UEFA Team of the Year 2016 - Statistics

General Stats
  • This quiz has been taken 125 times
  • The average score is 10 of 11
Answer Stats
Position Nationality Club Answer % Correct
LW Portugal Real Madrid Cristiano Ronaldo
99%
RW Argentina Barcelona Lionel Messi
99%
CB Spain Real Madird Sergio Ramos
99%
ST France Atlético Madrid Antoine Griezmann
98%
GK Italy Juventus Gianluigi Buffon
98%
CM Croatia Real Madrid Luka Modrić
98%
CM Germany Real Madrid Toni Kroos
97%
CM Spain Barcelona Andrés Iniesta
96%
CB Spain Barcelona Gerard Piqué
96%
LB Italy Juventus Leonardo Bonucci
70%
RB Germany Bayern Munich Jérôme Boateng
65%
No matching quizzes found
Score Distribution
Percent of People with Each Score
Percentile by Number Answered
Your Score History
You have not taken this quiz